01152nam a2200229 a 450000100100000000500170001000800410002704000250006808200260009311001020011924500760022126000360029730000280033359000260036165000830038765000770047065000670054791000370061495201240065195201300077599900170090500004771020201002060706.0180723s2012 dr a 000 0 spa d aDO-SdBNPbspacBNPHU a378.0021bR426i, 20122 aRepública Dominicana.bMinisterio de Educación Superior, Ciencia y Tecnología MESCyT97531410aInforme general sobre estadísticas de educación superior 2010-2011. aSanto Domingo :bMESCyT,c2012. a523 p. :bil. ;c28 cm. aInventariado, 2018/LP 4aEducación superiorzRepública DominicanavESTADÍSTICASy2010-2011975315 4aEducación superiorzRepública DominicanaxHistoriay2010-2011975316 4aPolítica educativazRepública Dominicanay2010-2011975317 aValidado. Control de calidad MFF 0010718PDaPDbPDcHDd2018-07-23iLF1l0o378.0021 R426i, 2012p47710-10r2020-06-25w2020-06-25yLFPDZNo se presta 0010718PDaPDbPDcHDd2018-08-17iLF1l0o378.0021 R426i, 2012p47710-20r2020-06-25te. 2w2020-06-25yLFPDZNo se presta c47198d47198